000 00691nam a2200229Ia 4500
003 OSt
005 20220925202428.0
006 a|||||r|||| 00| 0
007 ta
008 220923b |||||||| |||| 00| 0 eng d
037 _cGeneral Book
040 _aRTL
_cRTL
_beng
041 _2eng
_aeng
082 _aY:4:6.252.N6, L0
100 _aVidya Bhushan
_924850
245 0 _aPrison administration in India with special refern
260 _aDelhi
_bS Chand
_c1970
300 _ax,284p
_ccm.
500 _aBibliography : P 273-278; Appendixes : P 262-270; Glossary : P 271-272
942 _hY:4:6.252.N6, L0
_cGB
_2CC
999 _c543137
_d543137